01777nam a2200289 a 4500001001000000003000900010005001700019007000300036008003600039040003000075082003000105111011600135245015000251246006600401260000600467264004700473300006200520336002700582337003300609338002800642500009000670505053200760650006101292650005501353650005301408700002601461000045145DO-SdBPM20251114095009.0ta150205s2014 dr ac 000 0 spa d aDO-SdBPMbspacBPMSUdrda 4a002.074 bF356a 20142222 aFeria Internacional del Libron(17ª :d2014 : 24 de abril al 5 de mayocSanto Domingo, República Dominicana)10aAtlas Ferial :b el quién es quién de la FIL Santo Domingo, 2014 /c editora Romina Bayo ; colaboradores Valentín Amaro, Basilio Belliard 13a Feria Internacional del Libro Santo Domingo :bAtlas ferial  b  aSanto Domingo :bEditora Ferilibro, c2014 a[163] páginas :bilustraciones, fotografías;c21 cm. atextobtxt2rdacontent asin mediaciónbn2rdamedia avolumenbnc2rdacarrier aPaís invitado de honor: Panamá, dedicada al poeta nacional Domingo Moreno Jimenes0 a24 de abril - Inicia el recorrido.-- 25 de abril - Día de Lusitania Martínez.-- 26 de abril - Día de Frank Báez.-- 27 de abril - Día de Carlos Esteban Deive.-- 28 de abril - Tomás Castro Burdiez.-- 29 de abril - José Miguel Soto Jiménez.-- 30 de abril - Día de Tony Raful.-- 1 de mayo - Día de Miguel De Camps.-- 2 de mayo - Día de Eleonor Grimaldi.-- 3 de mayo - Día de Enegildo Peña.-- 4 de mayo - Día de Medar Serrata.-- 5 de mayo - Día de José Dunker.-- El quién es quién de la FIL 2014. 7aIndustria del librozRepública Dominicana xCompendio  7aFeria del libro zRepública Dominicana y2014v  7aLibros zRepública Dominicana v Exposiciones 1 aBayo, Rominaeeditora